000 00596nam a2200181Ia 4500
005 20250508163451.0
008 008 250505s9999 xx 000 0 eng d
037 _aBooks to be hide in OPAC
040 _aFEDL
_beng
_cFEDL
041 _aeng
_2eng
084 _a371.97, BOM/O
_qFEDL
100 _aMandal Kalyan Sankar
_9775395
245 0 _aEvaluation of the pre-matric scholarship scheme for the SC/ST students of Maharashtra
260 _aBombay, India
_bTata Institute of Social Sciences
_c1985
300 _a71p.
942 _cHB
_h371.97, BOM/O
999 _c1383482
_d1383482